From Empire to Points: Reassessing British Immigration Policy through the Lens of Uneven and Combined Development

Tvrdenie, že pobrexitová forma bodového imigračného systému, ktorý bol prezentovaný, ako spravodlivý a založený na kvalifikácii migrantov stále vykazuje znaky exkluzivity, zakorenenej v britskom impériu, čím stavia imigračnú politiku do role vyjednávacieho prostriedku o národnej identite a politicke...

Full description

Saved in:
Bibliographic Details
Main Author: Novák, Dajana, 1991-
Format: Book Chapter
Language:English
Subjects:
Tags: Add Tag
No Tags, Be the first to tag this record!

MARC

LEADER 00000naa a2200000 4500
001 0313811
005 20260109103429.9
041 0 |a eng 
044 |a SK 
245 1 0 |a From Empire to Points: Reassessing British Immigration Policy through the Lens of Uneven and Combined Development  |c Dajana Novák 
520 |a Tvrdenie, že pobrexitová forma bodového imigračného systému, ktorý bol prezentovaný, ako spravodlivý a založený na kvalifikácii migrantov stále vykazuje znaky exkluzivity, zakorenenej v britskom impériu, čím stavia imigračnú politiku do role vyjednávacieho prostriedku o národnej identite a politickej legitimite. Prepojením historickej kontinuity so súčasným riadením migrácie poukazovanie na to, že súčasná migračná politika zostáva odrazom imperiálnej minulosti Spojeného kráľovstva. 
610 2 0 |a rozvoj hospodársky 
610 2 0 |a migrácia 
610 2 0 |a emigrácia 
610 2 0 |a imperializmus 
610 2 0 |a utečenci 
610 2 0 |a politika migračná 
610 2 0 |a Veľká Británia 
610 2 0 |a dedičstvo 
610 2 0 |a dedičstvo kultúrne 
100 1 |a Novák, Dajana, 1991-